| 000 | 00703nam a2200241Ia 4500 | ||
|---|---|---|---|
| 005 | 20231101095410.0 | ||
| 008 | 131103s9999 xx 000 0 und d | ||
| 020 |
_a195658752 _cRs. 395 |
||
| 040 | _aLoreto College | ||
| 041 | _aEnglish | ||
| 082 |
_a320.954 _bDRE |
||
| 100 | _aDreze, Jean | ||
| 245 |
_aIndia development and participation _cJean Dreze and Amartya Sen |
||
| 260 |
_aNew Delhi _bOxford University Press _c2002 |
||
| 300 | _axi,512p, graphs, charts, tables 22.5 cm. | ||
| 504 | _aIncludes bibliographical references and index | ||
| 630 | _aDevelopment, India | ||
| 650 | _aPolitics | ||
| 651 | _aPolitics, India | ||
| 700 | _aSen, Amartya | ||
| 850 | _aLCLIB | ||
| 942 | _cBK | ||
| 999 |
_c2346 _d52825 |
||